00430 2200169 4500001002100000005001500021008004100036020001800077035001900095041000700114082001000121090001600131100001700147245003700164260003500201300002400236INLIS00000000001996820241224115812241224||||||||| | ||| |||| || |  a979-9481-83-X 0010-1224019968 aid0 a633.8 a633.8 NEN p0 aNeni Suhaeni00aPetunjuk Praktis Menanam Cengkeh aBandungbPENERBIT NUANSAc2007 a56 hlm.;ilus,:21 cm